Oceania Capitals - Statistics

General Stats
  • This quiz has been taken 9 times
  • The average score is 12 of 13
Answer Stats
Country Capital % Correct
Samoa Apia
100%
Australia Canberra
100%
New Zealand Wellington
100%
Tonga Nukualofa
100%
Papua New Guinea Port Moresby
100%
Fiji Suva
100%
Soloman Islands Honiara
89%
Vanuatu Port Vila
89%
Kiribati Tarawa
89%
Palau Ngerulmud
78%
Micronesia Palikir
78%
Tuvalu Funafuti
67%
Marshall Islands Majuro
67%
No matching quizzes found
Score Distribution
Percent of People with Each Score
Percentile by Number Answered
Your Score History
You have not taken this quiz